[Event "TUR-ch Youth"]
[Site "Denizli"]
[Date "2022.05.26"]
[Round "4"]
[White "Acar, Erdogan"]
[Black "Ocakoglu, Orhan Kemal"]
[Result "0-1"]
[WhiteElo "1615"]
[BlackElo "1497"]
[PlyCount "100"]
[EventDate "2022.05.24"]
[EventType "swiss"]
[EventRounds "9"]
[EventCountry "TUR"]
[SourceTitle "EXT 2023"]
[Source "ChessBase"]
[SourceDate "2022.10.05"]
[SourceVersion "1"]
[SourceVersionDate "2022.10.05"]
[SourceQuality "1"]

1. e4 c5 2. Nf3 Nc6 3. d4 cxd4 4. Nxd4 g6 5. Be3 Nf6 6. Nc3 Bg7 7. Bc4 Qa5 8. 0-0 0-0 9. Bb3 d6 10. f3 a6 11. Qd2 Nxd4 12. Bxd4 b5 13. Rfd1 Qc7 14. Nd5 Nxd5 15. Bxg7 Kxg7 16. Bxd5 Bb7 17. Qd4+ Kg8 18. Rac1 Bxd5 19. Qxd5 Rac8 20. Kf2 Qa5 21. a3 Rc5 22. Qd4 Rc4 23. Qe3 Rfc8 24. c3 Qc7 25. Rd4 a5 26. Rcd1 Qc5 27. Rxc4 Qxc4 28. Qa7 Qc5+ 29. Qxc5 Rxc5 30. Rd5 f5 31. Ke3 Kf7 32. Kd4 e5+ 33. Kd3 Ke6 34. Rxc5 dxc5 35. a4 c4+ 36. Kc2 bxa4 37. Kb1 fxe4 38. fxe4 Kf6 39. g3 Kg5 40. h3 h5 41. Ka2 h4 42. gxh4+ Kf4 43. Ka3 Kxe4 44. Kxa4 Kd3 45. b4 cxb3 46. Kxb3 e4 47. c4 e3 48. c5 e2 49. c6 e1Q 50. c7 Qc3+ 0-1

[Event "TUR Cup"]
[Site "Adapazari"]
[Date "2022.03.28"]
[Round "6"]
[White "Muti, Erol"]
[Black "Ocakoglu, Orhan Kemal"]
[Result "0-1"]
[WhiteElo "1243"]
[BlackElo "1482"]
[PlyCount "71"]
[EventDate "2022.03.25"]
[EventType "swiss"]
[EventRounds "11"]
[EventCountry "TUR"]
[SourceTitle "EXT 2023"]
[Source "ChessBase"]
[SourceDate "2022.10.05"]
[SourceVersion "1"]
[SourceVersionDate "2022.10.05"]
[SourceQuality "1"]

1. e4 c5 2. Nc3 Nc6 3. Nf3 g6 4. d4 cxd4 5. Nxd4 Bg7 6. Nxc6 bxc6 7. Bd2 d6 8. Bd3 Nf6 9. 0-0 0-0 10. Ne2 Ng4 11. Bc3 Ne5 12. h3 a5 13. Rb1 c5 14. Bb5 Bb7 15. Ng3 a4 16. f4 Nc6 17. Bxg7 Kxg7 18. c3 a3 19. b3 Qb6 20. Bc4 Na5 21. Be2 c4+ 22. Qd4+ Qxd4+ 23. cxd4 cxb3 24. axb3 a2 25. Rb2 Nxb3 26. Rxb3 a1Q 27. Rxa1 Rxa1+ 28. Kh2 Ba8 29. d5 Rc8 30. Bg4 Rc4 31. Be2 Rc5 32. f5 h5 33. h4 Rcc1 34. Bf3 Ra4 35. Kh3 Rac4 36. Rd3 0-1

[Event "TUR Cup"]
[Site "Adapazari"]
[Date "2022.03.25"]
[Round "1"]
[White "Ocakoglu, Orhan Kemal"]
[Black "Ozsakallioglu, Okan"]
[Result "0-1"]
[WhiteElo "1482"]
[BlackElo "2270"]
[PlyCount "114"]
[EventDate "2022.03.25"]
[EventType "swiss"]
[EventRounds "11"]
[EventCountry "TUR"]
[SourceTitle "EXT 2023"]
[Source "ChessBase"]
[SourceDate "2022.10.05"]
[SourceVersion "1"]
[SourceVersionDate "2022.10.05"]
[SourceQuality "1"]

1. d4 Nf6 2. Bf4 g6 3. Nc3 d5 4. e3 Bg7 5. Nb5 Na6 6. h3 c6 7. Nc3 Nc7 8. Nf3 0-0 9. Bd3 Ne6 10. Be5 c5 11. dxc5 Nxc5 12. 0-0 a6 13. Ne2 b6 14. Ned4 Bb7 15. c3 Re8 16. a4 Rc8 17. Qe2 e6 18. Rfd1 Bf8 19. Bc2 Nfd7 20. Bg3 Bg7 21. Nd2 e5 22. N4b3 Ne6 23. Bd3 Ndc5 24. Bc2 f5 25. Nxc5 bxc5 26. a5 Qf6 27. Nf3 e4 28. Nd2 d4 29. cxd4 cxd4 30. Bb3 d3 31. Qe1 Kh8 32. Nc4 Nc5 33. Qb4 Nxb3 34. Be5 Rxc4 35. Qxb3 Qf7 36. Rac1 Bd5 37. Bxg7+ Kxg7 38. Rxc4 Bxc4 39. Qb6 Kg8 40. Rc1 d2 41. Rd1 Qd5 42. Qd4 Qxd4 43. exd4 Rd8 44. Rxd2 Bd3 45. f3 Rxd4 46. fxe4 fxe4 47. Kf2 Ra4 48. Ke3 Rxa5 49. g4 Ra1 50. Kf4 Rf1+ 51. Kg5 Kg7 52. Kh4 e3 53. Rxd3 e2 54. Kg5 h6+ 55. Kh4 e1Q+ 56. Rg3 g5+ 57. Kh5 Qe8# 0-1